000 00704cam a2200229 4500
008 000000n1999 000 0 eng u
020 _a8790907019
035 _a(Sirsi) u106731
050 _a526.9
110 _aFederation International Des Geometres
245 4 _aThe Bathurst Declaration on land administration for sustainable development
260 _aDenmark
_bFIG
_c1999
300 _a25p. ; 21cm.
490 _aFIG Publication
_vNo.21 December 1999
520 _aIn co-operation with the United Nations
650 _aFIG
650 _aUNITED NATIONS
650 _aINTERNATIONAL
650 _aINTERNATIONAL FEDERATION OF SURVEYORS
690 _aMAPPING AND MEASUREMENT
942 _n0
999 _c100619
_d100619